Personality theories : journeys into self : an experiential workbook /

Bibliographic Details
Main Author: Frick, Willard B.
Format: Book
Language:English
Published: New York : Teachers College Press, 1991.
Edition:2nd ed.
Subjects:

MARC

Tag First Indicator Second Indicator Subfields
LEADER 00000cam a2200000 a 4500
001 in00001404830
005 20151020064021.0
008 910717s1991 nyuc b 000 0 eng d
020 |a 0807730882 
035 |a (OCoLC)24092499 
035 |9 AHP4324AM 
040 |a VYF  |c VYF  |d VET  |d TXA  |d UtOrBLW 
049 |a TXAM 
090 |a BF698.4  |b .F74 1991 
096 |a BF 698.4 F897 1991 
100 1 |a Frick, Willard B. 
245 1 0 |a Personality theories :  |b journeys into self : an experiential workbook /  |c Willard B. Frick. 
250 |a 2nd ed. 
264 1 |a New York :  |b Teachers College Press,  |c 1991. 
300 |a x, 125 pages :  |b portraits ;  |c 26 cm. 
336 |a text  |b txt  |2 rdacontent 
337 |a unmediated  |b n  |2 rdamedia 
338 |a volume  |b nc  |2 rdacarrier 
504 |a Includes bibliographical references. 
650 0 |a Personality assessment. 
650 0 |a Identity (Psychology) 
650 2 |a Personality Assessment. 
650 2 |a Self Concept. 
948 |a c:ce 
999 |a MARS 
999 f f |s d0a8bc2e-380c-3f53-b9d6-e73daf800145  |i 46e20a21-d2b9-3a9c-9f4d-92880436a539  |t 0 
952 f f |p ric  |a Texas A&M University  |b Rellis Campus  |c Joint Library Facility  |d Remote Storage  |t 0  |e BF698.4 .F74 1991  |h Library of Congress classification  |i unmediated -- volume  |m A14823314433 
998 f f |a BF698.4 .F74 1991  |t 0  |l Remote Storage